| 000 | 01164nam a2200385 i 4500 | ||
|---|---|---|---|
| 001 | 2074 | ||
| 003 | KOSZ 005 | ||
| 005 | 20240405062948.0 | ||
| 008 | 961010s1984 pl g |000 0 pol d | ||
| 040 |
_cKOSZ 005 _aKOSZ 005 _dKOSZ005/HR |
||
| 041 | _apol | ||
| 046 | _k1984 | ||
| 080 | _a001(438) | ||
| 080 | _a(058) | ||
| 100 | 1 |
_aBartecka, Elżbieta _eAutor |
|
| 245 | 1 | 0 |
_aInformator nauki koszalińskiej / _cE. Bartecka, E. Michalski. |
| 260 |
_aKoszalin, _c1984. |
||
| 336 |
_2rdacontent _aTekst _btxt |
||
| 336 | _btxt | ||
| 337 |
_2rdamedia _aBez urządzenia pośredniczącego _bn |
||
| 338 |
_2rdacarrier _aWolumin _bnc |
||
| 380 | _aDruki ulotne | ||
| 380 | _aPublikacje informacyjne | ||
| 388 | _a1901-2000 | ||
| 388 | _a1945-1989 | ||
| 648 | 7 | _a1901-2000 | |
| 648 | 7 | _a1945-1989 | |
| 650 | 7 | _aNauka | |
| 651 | 4 | _aKoszalin (woj. zachodniopomorskie) | |
| 655 | 4 | _aInformator | |
| 658 | _aNauka i badania | ||
| 700 | 1 |
_aMichalski, Eugeniusz _d(1939- ) _eAutor |
|
| 856 |
_uhttp://koha.tu.koszalin.pl/cgi-bin/koha/opac-detail.pl?biblionumber=2074 _yKatalog online BPK |
||
| 942 |
_cKS _2UKD |
||
| 999 |
_c2074 _d2074 |
||